Ley Orgánica de Seguridad Social: pre-anteproyecto

Anteproyecto de ley que crea el sistema de seguridad social en Nicaragua. La ley orgánica contempla lo siguiente: la institución y sus objetivos, campo de aplicación, organización y recursos financieros, contingencias y prestaciones (enfermedad, maternidad, invalidez, vejez, muerte, subsidios famili...

Descripció completa

Guardat en:
Dades bibliogràfiques
Autor corporatiu: Instituto Nicaragüense de Seguridad Social
Format: Text
Publicat: Managua: Instituto Nicaragüense de Seguridad Social
Matèries:
Etiquetes: Afegir etiqueta
Sense etiquetes, Sigues el primer a etiquetar aquest registre!

MARC

LEADER 00000 a a2200000 04500
001 20175
003
040 |a CRAI/IIS  |c CRAI/IIS 
090 |a 083200  
110 |a Instituto Nicaragüense de Seguridad Social  
245 |a Ley Orgánica de Seguridad Social: pre-anteproyecto  
260 |a Managua:   |b Instituto Nicaragüense de Seguridad Social  
300 |a 45 p.  
500 |a Documento preliminar  
520 |a Anteproyecto de ley que crea el sistema de seguridad social en Nicaragua. La ley orgánica contempla lo siguiente: la institución y sus objetivos, campo de aplicación, organización y recursos financieros, contingencias y prestaciones (enfermedad, maternidad, invalidez, vejez, muerte, subsidios familiares, riesgos profesionales, otros) y disposiciones generales./ACM  
650 |a NICARAGUA  
650 |a SEGURIDAD SOCIAL  
650 |a SISTEMAS DE PREVISION SOCIAL  
650 |a SALUD  
650 |a POLITICA DE SALUD  
650 |a LEGISLACION SOCIAL  
999 |c 17674  |d 17674